Altares de ceniza

Shranjeno v:
Bibliografske podrobnosti
Glavni avtor: Villalobos, Carlos Manuel
Format: Neznan
Jezik:Spanish
Izdano: Madrid, España Cana Negra 2019
Teme:
Oznake: Označite
Brez oznak, prvi označite!

MARC

LEADER 00000 a2200000 4500
008 190614b ||||| |||| 00| 0 spa d
020 |a 978-84-120389-1-0 
040 |a cru BVZT 
090 |a 868 V-14a 
100 |a Villalobos, Carlos Manuel  |9 2010 
245 |a Altares de ceniza  |c / Carlos Manuel Villalobos 
260 |a Madrid, España  |b Cana Negra  |c 2019 
300 |a 74 páginas 
650 |a LITERATURA COSTARRICENSE  |9 17 
650 |a POESÍA  |9 18 
999 |c 30724  |d 30724 
942 |c 15 D  |h 868 V-14a  |2 z